[Event "Íslandsmótið í skák - áskorendaflo"]
[Site "Reykjavik"]
[Date "2021.08.10"]
[Round "5.11"]
[White "Baldursson, Benedikt"]
[Black "Johannsdottir, Johanna Bjorg"]
[Result "1/2-1/2"]
[WhiteElo "1714"]
[BlackElo "2019"]
[PlyCount "157"]
[EventDate "2021.08.07"]

1. d4 g6 2. e4 Bg7 3. Nf3 d6 4. Bc4 e6 5. Nc3 a6 6. a4 b6 7. O-O Ne7 8. Bf4 Bb7
9. Re1 O-O 10. Qd2 d5 11. exd5 exd5 12. Ba2 Nf5 13. Ne2 c5 14. c3 c4 15. Bb1
Bc8 16. Ng3 Nxg3 17. Bxg3 Nc6 18. h3 Ra7 19. Bc2 Rb7 20. Re2 b5 21. axb5 axb5
22. Ra6 Rb6 23. Rxb6 Qxb6 24. Qe1 Be6 25. Ng5 Bd7 26. Nf3 b4 27. Ne5 Nxe5 28.
Bxe5 Bxe5 29. Rxe5 Be6 30. h4 bxc3 31. bxc3 Ra8 32. Kh2 Ra2 33. Bd1 Ra1 34. Qd2
Qb8 35. f4 Qd8 36. Kg3 Bf5 37. Re1 Be4 38. Bf3 Rxe1 39. Qxe1 f5 40. Qe2 Qb8 41.
Qd2 Qb3 42. Be2 Qb1 43. Bf3 Kf7 44. Qe2 Ke7 45. Kf2 Kd7 46. Kg3 Kc6 47. Qd1 Qa2
48. Qe2 Qa1 49. Qd2 Kb5 50. Bd1 Qb1 51. Kh2 h6 52. Kg1 Kc6 53. Kh2 g5 54. hxg5
hxg5 55. fxg5 Qb8+ 56. Kg1 Qg3 57. Ba4+ Kc7 58. Be8 Kd8 59. Bf7 f4 60. g6 f3
61. Qa2 Ke7 62. Qf2 Qg5 63. g3 Qc1+ 64. Kh2 Qxc3 65. g4 Qd3 66. Qh4+ Kd7 67.
Qf2 Qe2 68. Kg3 Ke7 69. Qxe2 fxe2 70. Kf2 Bd3 71. Bxd5 c3 72. Bb3 Kf6 73. d5
Kxg6 74. d6 Bb5 75. d7 Bxd7 76. Kxe2 Bb5+ 77. Kd1 Bd3 78. Bc2 Bxc2+ 79. Kxc2
1/2-1/2

[Event "Íslandsmótið í skák - áskorendaflo"]
[Site "Reykjavik"]
[Date "2021.08.11"]
[Round "6.1"]
[White "Johannsson, Birkir Isak"]
[Black "Thorhallsson, Simon"]
[Result "0-1"]
[WhiteElo "2052"]
[BlackElo "2199"]
[PlyCount "84"]
[EventDate "2021.08.07"]

1. c4 b6 2. Nc3 Bb7 3. d4 Nf6 4. Qc2 d5 5. cxd5 Nxd5 6. Nf3 e6 7. e4 Nxc3 8.
bxc3 c5 9. Bb5+ Bc6 10. Bd3 cxd4 11. cxd4 Bb4+ 12. Bd2 Bxd2+ 13. Qxd2 O-O 14.
O-O Bb7 15. Rad1 Nc6 16. Bb1 Na5 17. d5 exd5 18. exd5 Qf6 19. Qd4 Qxd4 20. Rxd4
Rad8 21. d6 Bxf3 22. gxf3 g6 23. Rfd1 Rd7 24. Bc2 a6 25. Bd3 b5 26. a4 Nb3 27.
Rb4 Nc5 28. Bc2 Rb8 29. Rd5 Ne6 30. axb5 Rb6 31. Bd3 Kg7 32. h4 h5 33. Kh2 axb5
34. Bxb5 Rdxd6 35. Rxd6 Rxd6 36. Ba4 Rd3 37. Bc6 Nd4 38. Be4 Nxf3+ 39. Kg3 Rd4
40. Rxd4 Nxd4 41. Kf4 Kf6 42. Bd5 Nf5 0-1

[Event "Íslandsmótið í skák - áskorendaflo"]
[Site "Reykjavik"]
[Date "2021.08.11"]
[Round "6.2"]
[White "Hardarson, Petur Palmi"]
[Black "Jensson, Einar Hjalti"]
[Result "1-0"]
[WhiteElo "2084"]
[BlackElo "2349"]
[PlyCount "115"]
[EventDate "2021.08.07"]

1. d4 Nf6 2. c4 e6 3. Nf3 c5 4. d5 b5 5. dxe6 fxe6 6. cxb5 d5 7. e3 Nbd7 8. Be2
Bd6 9. O-O O-O 10. b3 Bb7 11. Nbd2 Qc7 12. Bb2 Rae8 13. Qc2 Ng4 14. h3 Nge5 15.
Rac1 Nxf3+ 16. Bxf3 Rc8 17. Bg4 Rfe8 18. a4 Nf6 19. Bf3 Rf8 20. Rfd1 a6 21.
bxa6 Bxa6 22. Ba3 Qf7 23. Bb2 Nd7 24. Nb1 Ne5 25. Bxe5 Bxe5 26. Nc3 Kh8 27. Nb5
Bb8 28. Qe2 h6 29. Nd6 Bxd6 30. Qxa6 Bb8 31. Rd2 Qc7 32. Rdc2 Qe5 33. Qb6 Bd6
34. Qb5 Rb8 35. Qd3 Rb4 36. Qc3 d4 37. exd4 cxd4 38. Qd3 Qh2+ 39. Kf1 Qf4 40.
a5 Qf7 41. a6 Bf4 42. Ra1 Bb8 43. Rc4 Rxc4 44. Qxc4 Rd8 45. Qd3 Qc7 46. Qg6 d3
47. Be4 Kg8 48. Bxd3 Ba7 49. Qxe6+ Kh8 50. Qg6 Kg8 51. Qh7+ Kf7 52. Bc4+ Kf6
53. Re1 Rd6 54. Qg8 Qd7 55. Qf8+ Kg6 56. Bf7+ Qxf7 57. Qxd6+ Kh7 58. Qd3+ 1-0

[Event "Íslandsmótið í skák - áskorendaflo"]
[Site "Reykjavik"]
[Date "2021.08.11"]
[Round "6.3"]
[White "Skarphedinsson, Ingvar Wu"]
[Black "Bergsson, Stefan"]
[Result "0-1"]
[WhiteElo "1616"]
[BlackElo "2158"]
[PlyCount "80"]
[EventDate "2021.08.07"]

1. e4 c5 2. Nc3 Nc6 3. g3 g6 4. Bg2 Bg7 5. d3 d6 6. Nge2 Nf6 7. O-O Rb8 8. f4
O-O 9. h3 Ne8 10. Be3 Nd4 11. Bxd4 cxd4 12. Nb1 b5 13. Nd2 a5 14. f5 Bd7 15.
fxg6 hxg6 16. h4 Nf6 17. Nf4 Ng4 18. Qe2 Ne3 19. Rfc1 Rc8 20. Nf1 e5 21. Nh3
Bh6 22. c3 Nxg2 23. Qxg2 Bxc1 24. Rxc1 dxc3 25. bxc3 Qb6+ 26. Kh2 b4 27. c4 a4
28. h5 b3 29. axb3 Bxh3 30. Kxh3 axb3 31. Qf3 Ra8 32. Ne3 b2 33. Rb1 Ra1 34.
Nd5 Rxb1 35. Ne7+ Kg7 36. h6+ Kh7 37. Qf6 Rh1+ 38. Kg4 Rxh6 39. Nf5 gxf5+ 40.
Qxf5+ Rg6+ 0-1

[Event "Íslandsmótið í skák - áskorendaflo"]
[Site "Reykjavik"]
[Date "2021.08.11"]
[Round "6.4"]
[White "Briem, Benedikt"]
[Black "Jonsson, Gauti Pall"]
[Result "1-0"]
[WhiteElo "1858"]
[BlackElo "2070"]
[PlyCount "83"]
[EventDate "2021.08.07"]

1. d4 d6 2. Nf3 g6 3. c4 Bg7 4. Nc3 Nf6 5. e4 O-O 6. Be2 Nbd7 7. O-O e5 8. Be3
Qe7 9. Qc2 c6 10. d5 c5 11. Ne1 Ne8 12. g4 f5 13. exf5 gxf5 14. gxf5 Nb6 15.
Bd3 e4 16. Nxe4 Bxf5 17. Ng5 Bxd3 18. Nxd3 Kh8 19. Ne6 Rg8 20. Kh1 Qh4 21. Bf4
Qh5 22. f3 Bf6 23. Rae1 Ng7 24. Nxg7 Rxg7 25. Bxd6 Rag8 26. Be5 Bxe5 27. Nxe5
Qh3 28. Rg1 Nd7 29. Rxg7 Rxg7 30. Qf2 Nf6 31. Ng4 Ng8 32. Re8 Rg6 33. b3 h5 34.
Ne5 Rg7 35. Nd3 Qf5 36. Nxc5 b6 37. Ne4 Qg6 38. Re5 Qh6 39. Qd2 Qh7 40. Rg5 Nf6
41. Rxg7 Qxg7 42. Qc3 1-0

[Event "Íslandsmótið í skák - áskorendaflo"]
[Site "Reykjavik"]
[Date "2021.08.11"]
[Round "6.5"]
[White "Gudmundsson, Gunnar Erik"]
[Black "Ptacnikova, Lenka"]
[Result "0-1"]
[WhiteElo "1844"]
[BlackElo "2109"]
[PlyCount "128"]
[EventDate "2021.08.07"]

1. d4 d5 2. c4 dxc4 3. e3 Nc6 4. Bxc4 e5 5. Nf3 e4 6. Nfd2 Qg5 7. g3 Nf6 8. Nc3
Bb4 9. Qc2 Qf5 10. f3 exf3 11. Qxf5 Bxf5 12. Nxf3 O-O 13. O-O Na5 14. Be2 Bh3
15. Re1 Rfe8 16. Bd3 Rad8 17. a3 Nb3 18. Rb1 Ba5 19. Bc2 Be6 20. Rd1 Bg4 21.
Bxb3 Bxf3 22. Rf1 Bg4 23. Ba4 c6 24. b4 Bb6 25. Kg2 Re7 26. Bc2 Be6 27. Rd1 Bc4
28. h3 h6 29. Kf2 Be6 30. Kg2 Bc4 31. Kf2 Rd6 32. Bb2 Nd5 33. Nxd5 Bxd5 34. Ke2
Rde6 35. Bc1 Rf6 36. Kd3 Rf2 37. Rd2 Rf3 38. Rg2 Rfxe3+ 39. Bxe3 Bxg2 40. Kd2
Bxh3 41. a4 a6 42. b5 axb5 43. axb5 Ba5+ 44. Ke2 g5 45. Kf2 Bc7 46. bxc6 bxc6
47. Bd2 Bg4 48. Bd3 f6 49. Rc1 Bd7 50. Kf3 Be6 51. Be4 Bd5 52. Bxd5+ cxd5 53.
Rc5 Rd7 54. Rc6 Kg7 55. g4 Kg6 56. Bb4 Bd8 57. Rc8 h5 58. Rc6 Rb7 59. Bc3 Rb3
60. gxh5+ Kxh5 61. Kg2 Kg4 62. Rc8 Bb6 63. Rb8 f5 64. Ba5 Rb2+ 0-1

[Event "Íslandsmótið í skák - áskorendaflo"]
[Site "Reykjavik"]
[Date "2021.08.11"]
[Round "6.6"]
[White "Petursson, Gudni"]
[Black "Mai, Alexander Oliver"]
[Result "0-1"]
[WhiteElo "1988"]
[BlackElo "2090"]
[PlyCount "134"]
[EventDate "2021.08.07"]

1. d4 Nf6 2. Nc3 d5 3. Bg5 c6 4. Bxf6 exf6 5. e3 Bd6 6. Bd3 O-O 7. Nge2 Be6 8.
Ng3 Nd7 9. Qf3 Re8 10. O-O Nb6 11. b3 Bf8 12. Nce2 g6 13. Nf4 Qd7 14. Nxe6 Qxe6
15. Rfe1 Bb4 16. Re2 f5 17. a4 Bc3 18. Rd1 Qd6 19. Nf1 Nd7 20. Qg3 Qf6 21. Nd2
f4 22. Qf3 fxe3 23. fxe3 Qxf3 24. Nxf3 f5 25. g3 Re7 26. Kf2 Rae8 27. Rg1 Nf6
28. h3 h5 29. Ne5 Kg7 30. Nf3 a5 31. Rd1 Rf8 32. Kg2 Ne8 33. Ne5 Re6 34. Rf1
Nd6 35. Ref2 Rff6 36. g4 hxg4 37. hxg4 fxg4 38. Rxf6 Rxf6 39. Rxf6 Kxf6 40.
Nxg4+ Kg5 41. Nf2 Nf5 42. Kf3 Nh4+ 43. Ke2 Kh5 44. Nd1 Bb4 45. c4 Kg4 46. e4
dxe4 47. Bxe4 Kf4 48. Nf2 g5 49. d5 Nf5 50. Kd3 cxd5 51. Bxd5 Bc5 52. Ke2 Bxf2
53. Kxf2 b6 54. b4 axb4 55. c5 bxc5 56. a5 Nd6 57. a6 Nb5 58. Bc4 Na7 59. Bb3
Ke4 60. Ke2 Kd4 61. Kd2 c4 62. Bd1 Kc5 63. Be2 b3 64. Kc3 Nb5+ 65. Kb2 Kb4 66.
Bd1 c3+ 67. Kb1 Na3+ 0-1

[Event "Íslandsmótið í skák - áskorendaflo"]
[Site "Reykjavik"]
[Date "2021.08.11"]
[Round "6.7"]
[White "Ragnarsson, Johann"]
[Black "Jonsson, Johann"]
[Result "1/2-1/2"]
[WhiteElo "1916"]
[BlackElo "1723"]
[PlyCount "111"]
[EventDate "2021.08.07"]

1. d4 d5 2. c4 e6 3. Nc3 Nf6 4. cxd5 exd5 5. Bg5 Be7 6. e3 Bf5 7. Bxf6 Bxf6 8.
Qb3 c6 9. Qxb7 Qb6 10. Qxb6 axb6 11. Nge2 Na6 12. Nf4 Nb4 13. Kd2 Kd7 14. Be2
g5 15. Nh5 Be7 16. a3 Na6 17. b4 Nc7 18. g4 Bg6 19. Ng3 Ra7 20. Ra2 Rha8 21.
Rha1 Ne8 22. b5 Rxa3 23. bxc6+ Ke6 24. f4 Rxa2+ 25. Rxa2 Rxa2+ 26. Nxa2 gxf4
27. exf4 Bb1 28. Nc3 Bb4 29. Bd3 Bxd3 30. Kxd3 Kd6 31. Nf5+ Kxc6 32. g5 Bxc3
33. Kxc3 Kd7 34. h4 Ke6 35. Ne3 Ng7 36. Kd3 Nf5 37. Ng2 b5 38. h5 Ng3 39. h6
Nh5 40. Ke3 b4 41. Nh4 Ng3 42. g6 fxg6 43. Nxg6 Nf5+ 44. Kd3 Nxh6 45. Nf8+ Kf5
46. Nxh7 Ng4 47. Ng5 Nf2+ 48. Ke3 b3 49. Nf3 Ne4 50. Kd3 Kxf4 51. Ne5 Kf5 52.
Nc6 Nd6 53. Nb4 Nb5 54. Nxd5 Nxd4 55. Kxd4 b2 56. Nc3 1/2-1/2

[Event "Íslandsmótið í skák - áskorendaflo"]
[Site "Reykjavik"]
[Date "2021.08.11"]
[Round "6.8"]
[White "Baldursson, Hrannar"]
[Black "Thorisson, Benedikt"]
[Result "1-0"]
[WhiteElo "2148"]
[BlackElo "1624"]
[PlyCount "83"]
[EventDate "2021.08.07"]

1. e4 e6 2. d4 d5 3. exd5 exd5 4. c4 Nf6 5. Nc3 Bb4 6. Bd3 Nc6 7. Nge2 O-O 8.
O-O Re8 9. Bg5 dxc4 10. Bxc4 Bd6 11. h3 Bf5 12. Nd5 Na5 13. Bd3 Bxd3 14. Qxd3
Be7 15. Nxe7+ Qxe7 16. Ng3 Qd6 17. Qf5 Qd5 18. Bxf6 Qxf5 19. Nxf5 gxf6 20. Rac1
Rac8 21. d5 Re5 22. g4 b6 23. b4 Nb7 24. Rc6 Nd8 25. Rxf6 Kf8 26. Rd1 Re2 27.
a3 Re8 28. d6 cxd6 29. Nxd6 Ne6 30. Rxf7+ Kg8 31. Nxe8 Rxe8 32. Rxa7 Nf4 33.
Kh2 h5 34. Kg3 Ne2+ 35. Kh4 Nc3 36. Rdd7 Ne4 37. f4 Rc8 38. Rg7+ Kh8 39. Rh7+
Kg8 40. Rag7+ Kf8 41. g5 Nd6 42. Kxh5 1-0

[Event "Íslandsmótið í skák - áskorendaflo"]
[Site "Reykjavik"]
[Date "2021.08.11"]
[Round "6.10"]
[White "Johannsdottir, Johanna Bjorg"]
[Black "Johannsson, Markus Orri"]
[Result "1/2-1/2"]
[WhiteElo "2019"]
[BlackElo "1117"]
[PlyCount "49"]
[EventDate "2021.08.07"]

1. e4 e5 2. Nf3 Nf6 3. Nxe5 d6 4. Nf3 Nxe4 5. c4 Be7 6. Nc3 Nf6 7. d4 d5 8. c5
c6 9. Bd3 Bg4 10. Bf4 Nbd7 11. b4 b6 12. b5 cxb5 13. c6 Nf8 14. Nxb5 Bb4+ 15.
Kf1 Ne6 16. c7 Qd7 17. Rb1 Nxf4 18. Rxb4 a6 19. Qe1+ Be6 20. Ne5 Qe7 21. Qc3
O-O 22. Nc6 Qd7 23. Ne5 Qe7 24. Nc6 Qd7 25. Ne5 1/2-1/2

[Event "Íslandsmótið í skák - áskorendaflo"]
[Site "Reykjavik"]
[Date "2021.08.11"]
[Round "6.11"]
[White "Omarsson, Josef"]
[Black "Baldursson, Benedikt"]
[Result "0-1"]
[WhiteElo "1211"]
[BlackElo "1714"]
[PlyCount "92"]
[EventDate "2021.08.07"]

1. d4 Nf6 2. Bf4 e6 3. Nf3 d5 4. e3 c5 5. Nbd2 Nc6 6. Bb5 Bd7 7. c3 a6 8. Bd3
cxd4 9. exd4 Be7 10. h3 h6 11. Ne5 b5 12. Qf3 b4 13. g4 bxc3 14. bxc3 Qa5 15.
Bc2 Nxe5 16. dxe5 Ne4 17. Nxe4 dxe4 18. Bxe4 Rc8 19. Bd2 Qxe5 20. O-O Bd6 21.
Qg2 O-O 22. Rfe1 Qc5 23. Red1 Bc6 24. Bxc6 Qxc6 25. Qxc6 Rxc6 26. Be3 Be5 27.
Bd4 Bxd4 28. cxd4 Rd8 29. Rab1 Rcd6 30. Rb4 e5 31. Ra4 exd4 32. f4 d3 33. Rd2
g6 34. Ra3 Kg7 35. Kf2 Kf6 36. Ra5 Rc8 37. Ke3 Re8+ 38. Kf3 g5 39. fxg5+ hxg5
40. Rf5+ Kg6 41. Kf2 Rc8 42. Ke3 Rc3 43. Ra5 f6 44. Ke4 Rc4+ 45. Ke3 Rf4 46.
Ra3 Re6+ 0-1

[Event "Íslandsmótið í skák - áskorendaflo"]
[Site "Reykjavik"]
[Date "2021.08.11"]
[Round "6.12"]
[White "Kristjansson, Halldor"]
[Black "Heidarsson, Mikael Bjarki"]
[Result "0-1"]
[WhiteElo "1559"]
[BlackElo "1473"]
[PlyCount "114"]
[EventDate "2021.08.07"]

1. d4 c5 2. d5 Nf6 3. Nc3 d6 4. e4 g6 5. Nf3 a6 6. a4 Bg4 7. Be2 Bg7 8. O-O O-O
9. Nd2 Bxe2 10. Qxe2 e6 11. dxe6 fxe6 12. e5 Nd5 13. Nf3 Nxc3 14. bxc3 d5 15.
Rb1 Qc7 16. Ng5 Re8 17. Qg4 Bxe5 18. h4 h5 19. Qe2 Re7 20. f4 Bxc3 21. Qd3 Bd4+
22. Kh1 Kg7 23. Re1 Qd7 24. Bb2 Bxb2 25. Rxb2 Nc6 26. Qc3+ d4 27. Qxc5 Rf8 28.
Rb6 Rf5 29. Qc4 Qd5 30. Qxd5 Rxd5 31. Rxe6 Rxe6 32. Nxe6+ Kf6 33. Ng5 Rd7 34.
Ne4+ Kf5 35. Nc5 Rc7 36. g3 Nd8 37. Nb3 Rc4 38. Rd6 Nc6 39. a5 Rxc2 40. Rxd4
Rc3 41. Rd5+ Ke4 42. Rg5 Rxb3 43. Kg2 Rb2+ 44. Kh3 Rb1 45. Rxg6 Rb5 46. Rg5
Rxg5 47. hxg5 Kf5 48. Kh4 Kg6 49. g4 hxg4 50. Kxg4 Nxa5 51. f5+ Kg7 52. Kh5 Nc6
53. f6+ Kf7 54. Kh6 Ne5 55. Kh7 a5 56. Kh8 a4 57. Kh7 a3 0-1

[Event "Íslandsmótið í skák - áskorendaflo"]
[Site "Reykjavik"]
[Date "2021.08.11"]
[Round "6.13"]
[White "Gudnyjarson, Sigurdur Pall"]
[Black "Omarsson, Adam"]
[Result "0-1"]
[WhiteElo "1207"]
[BlackElo "1546"]
[PlyCount "100"]
[EventDate "2021.08.07"]

1. d4 Nf6 2. c4 g6 3. Nc3 Bg7 4. Nf3 O-O 5. Bg5 d6 6. h3 c5 7. d5 Bf5 8. Nd2 h6
9. Bxf6 Bxf6 10. e4 Bd7 11. Qc2 e6 12. Rc1 exd5 13. cxd5 a6 14. Bd3 b5 15. a3
Bg7 16. O-O Qg5 17. Nf3 Qf6 18. Qd2 b4 19. axb4 cxb4 20. e5 Qd8 21. Ne4 dxe5
22. Qxb4 Ra7 23. Ra1 f5 24. Nc3 e4 25. Nxe4 fxe4 26. Bxe4 Qf6 27. b3 Qf4 28. d6
Bxa1 29. Bd5+ Kh7 30. Qb6 Nc6 31. Bxc6 Bxc6 32. Qxa7+ Rf7 33. Qe3 Qxe3 34. fxe3
Bb2 35. Rb1 Bxf3 36. Rxb2 Bc6 37. Rc2 Bb7 38. Rd2 Rd7 39. Rd4 Kg7 40. Kf2 Kf6
41. h4 Ke5 42. Rg4 Rxd6 43. Rb4 Bc6 44. Rc4 Bd5 45. Rb4 Rc6 46. g4 Rc2+ 47. Kg3
Rc3 48. Kf2 Rxb3 49. Ra4 Rb6 50. Rf4 Rf6 0-1

[Event "Íslandsmótið í skák - áskorendaflo"]
[Site "Reykjavik"]
[Date "2021.08.12"]
[Round "7.1"]
[White "Thorhallsson, Simon"]
[Black "Hardarson, Petur Palmi"]
[Result "1-0"]
[WhiteElo "2199"]
[BlackElo "2084"]
[PlyCount "87"]
[EventDate "2021.08.07"]

1. e4 c5 2. Nf3 Nc6 3. d4 cxd4 4. Nxd4 e5 5. Nb5 d6 6. c4 Be7 7. N1c3 a6 8. Na3
Nf6 9. Nc2 O-O 10. Be2 Be6 11. O-O Rc8 12. Be3 Na5 13. b3 b5 14. Nd5 Bxd5 15.
exd5 bxc4 16. b4 Nb7 17. Na3 a5 18. Rb1 axb4 19. Rxb4 Nc5 20. Nxc4 Nfd7 21. a4
f5 22. f4 e4 23. a5 Qc7 24. Qb1 Ra8 25. Rc1 Bf6 26. Rb5 Rfb8 27. Nb6 Nxb6 28.
Rxb6 Qd8 29. Qb5 Rxb6 30. axb6 Rb8 31. Rb1 Be7 32. Kh1 Nb7 33. g4 Qc8 34. Qc6
Nc5 35. g5 Kf7 36. Bc4 Kf8 37. Kg2 Qb7 38. h4 g6 39. h5 gxh5 40. Bxc5 dxc5 41.
Qh6+ Ke8 42. Qxh5+ Kd7 43. Bb5+ Kd6 44. Qh6+ 1-0

[Event "Íslandsmótið í skák - áskorendaflo"]
[Site "Reykjavik"]
[Date "2021.08.12"]
[Round "7.2"]
[White "Bergsson, Stefan"]
[Black "Briem, Benedikt"]
[Result "1-0"]
[WhiteElo "2158"]
[BlackElo "1858"]
[PlyCount "89"]
[EventDate "2021.08.07"]

1. Nf3 Nf6 2. c4 e6 3. Nc3 d5 4. d4 Bb4 5. cxd5 exd5 6. Bg5 h6 7. Bh4 O-O 8. e3
c6 9. Bd3 Re8 10. Ne5 Qa5 11. O-O Nbd7 12. f4 Bxc3 13. bxc3 Qxc3 14. Rb1 Qa3
15. Rf3 Ne4 16. Bxe4 dxe4 17. Rg3 Nxe5 18. dxe5 Qxa2 19. Bf6 g6 20. h4 b6 21.
h5 Bf5 22. hxg6 fxg6 23. Rb3 Kf7 24. Rb4 c5 25. Rxe4 b5 26. Rb4 cxb4 27. e4 Qe6
28. exf5 Qxf5 29. Qd5+ Qe6 30. Qb7+ Re7 31. Bxe7 Qb6+ 32. Qxb6 axb6 33. Bxb4
Ra4 34. Rb3 Ke6 35. Kf2 g5 36. g3 Kf5 37. Kf3 g4+ 38. Ke3 Ra2 39. Be7 Ra5 40.
Bd8 Ra2 41. Bh4 Ra5 42. Kd4 Ra4+ 43. Kd5 h5 44. Rxb5 Re4 45. Kc6 1-0

[Event "Íslandsmótið í skák - áskorendaflo"]
[Site "Reykjavik"]
[Date "2021.08.12"]
[Round "7.3"]
[White "Mai, Alexander Oliver"]
[Black "Ptacnikova, Lenka"]
[Result "0-1"]
[WhiteElo "2090"]
[BlackElo "2109"]
[PlyCount "82"]
[EventDate "2021.08.07"]

1. e4 Nf6 2. e5 Nd5 3. d4 d6 4. Nf3 dxe5 5. Nxe5 c6 6. Be2 Bf5 7. O-O Nd7 8.
Nf3 e6 9. Bg5 Be7 10. Bxe7 Qxe7 11. Re1 O-O 12. c3 Nf4 13. Bf1 h6 14. Na3 g5
15. Nc4 Bg4 16. Ne3 Bh5 17. g3 Nd5 18. Nc4 f5 19. Qd3 Bxf3 20. Qxf3 g4 21. Qd3
Rf6 22. Re2 h5 23. Rae1 Nf8 24. Ne5 Rd8 25. a3 Nh7 26. Bg2 Ng5 27. Rd2 Qg7 28.
Red1 f4 29. c4 Ne7 30. Qb3 f3 31. Bf1 Ne4 32. Rc2 Nf5 33. d5 c5 34. Qd3 Ng5 35.
Rcd2 Nd4 36. Re1 Rf5 37. Qe3 Ne2+ 38. Bxe2 Rxe5 39. Qxc5 fxe2 40. Qa5 Nf3+ 41.
Kh1 b6 0-1

[Event "Íslandsmótið í skák - áskorendaflo"]
[Site "Reykjavik"]
[Date "2021.08.12"]
[Round "7.4"]
[White "Baldursson, Hrannar"]
[Black "Johannsson, Birkir Isak"]
[Result "0-1"]
[WhiteElo "2148"]
[BlackElo "2052"]
[PlyCount "102"]
[EventDate "2021.08.07"]

1. c4 e6 2. Nc3 d5 3. cxd5 exd5 4. Nf3 Nf6 5. e3 c6 6. Be2 Bd6 7. b3 O-O 8. Bb2
Nbd7 9. Qc2 Re8 10. Nd4 Bf8 11. Nf5 a5 12. O-O Nc5 13. Ng3 d4 14. exd4 Ne6 15.
Bd3 Nxd4 16. Qb1 g6 17. Nce4 Nxe4 18. Bxe4 Bg7 19. Bc3 Nb5 20. Bxg7 Kxg7 21.
Qb2+ Qd4 22. Qc2 Be6 23. Rfe1 Rad8 24. Rad1 Bg4 25. Bf3 Bxf3 26. gxf3 h5 27.
Re3 h4 28. Ne4 Re5 29. Rde1 Rf5 30. a4 Nc7 31. Qc3 Ne6 32. h3 Kh7 33. Kh2 g5
34. Rg1 Kg6 35. Rg4 Qxc3 36. dxc3 Rd1 37. Rg1 Rxg1 38. Kxg1 Rd5 39. b4 Rd1+ 40.
Kh2 axb4 41. cxb4 Ra1 42. Nc3 Nf4 43. b5 cxb5 44. axb5 Rf1 45. Ne4 f5 46. Nd6
Rxf2+ 47. Kh1 Nxh3 48. Nxb7 g4 49. fxg4 fxg4 50. Re8 g3 51. Rg8+ Kh7 0-1

[Event "Íslandsmótið í skák - áskorendaflo"]
[Site "Reykjavik"]
[Date "2021.08.12"]
[Round "7.5"]
[White "Jensson, Einar Hjalti"]
[Black "Skarphedinsson, Ingvar Wu"]
[Result "1-0"]
[WhiteElo "2349"]
[BlackElo "1616"]
[PlyCount "81"]
[EventDate "2021.08.07"]

1. d4 d5 2. Nf3 Nf6 3. g3 Bf5 4. Bg2 e6 5. c4 c6 6. O-O Bd6 7. Nc3 O-O 8. Nh4
Bg6 9. Nxg6 hxg6 10. b3 Bb4 11. Bb2 Nbd7 12. a3 Bxc3 13. Bxc3 Ne4 14. Bb2 Ndf6
15. Qd3 Ng5 16. f3 Qb6 17. c5 Qc7 18. Bc1 Ngh7 19. Bf4 Qd7 20. Bd6 Rfd8 21. e4
Ne8 22. e5 Rac8 23. b4 b6 24. Rfc1 b5 25. a4 a6 26. Qd2 Ra8 27. Ra3 Ra7 28.
Rca1 Rda8 29. Bf1 Qb7 30. f4 Nf8 31. Qa2 Nxd6 32. exd6 Nd7 33. axb5 cxb5 34.
Ra5 Qc8 35. Bxb5 Rb8 36. Bxa6 Qd8 37. b5 Qf6 38. Qd2 Nb6 39. cxb6 Rbb7 40. bxa7
Rxa7 41. Rc1 1-0

[Event "Íslandsmótið í skák - áskorendaflo"]
[Site "Reykjavik"]
[Date "2021.08.12"]
[Round "7.6"]
[White "Jonsson, Gauti Pall"]
[Black "Ragnarsson, Johann"]
[Result "1-0"]
[WhiteElo "2070"]
[BlackElo "1916"]
[PlyCount "145"]
[EventDate "2021.08.07"]

1. d4 d5 2. Bf4 Nf6 3. e3 c5 4. Nd2 Nc6 5. Ngf3 Qb6 6. dxc5 Qxb2 7. c4 Qb4 8.
Rb1 Qa5 9. Rb5 Qxa2 10. cxd5 Qxd5 11. Bc4 Qd7 12. O-O e6 13. Qc2 a6 14. Rbb1
Bxc5 15. Nb3 Bb4 16. Nbd4 Nxd4 17. Nxd4 Bd6 18. Rfd1 Bxf4 19. Nxe6 Bd6 20. Rb6
Qe7 21. Nxg7+ Kf8 22. Rdxd6 Kxg7 23. Qb2 Be6 24. Bxe6 Rhd8 25. Bd7 Rxd7 26.
Rxd7 Qxd7 27. Qxf6+ Kg8 28. Rd6 Qb5 29. h4 Re8 30. Rd4 Re6 31. Rd8+ Re8 32.
Qg5+ Kf8 33. Qh6+ Kg8 34. Qg5+ Kf8 35. Qxb5 axb5 36. Rd5 b4 37. Rd4 b3 38. Rb4
Rb8 39. Kf1 b2 40. Ke2 b5 41. Rxb2 Ke7 42. Kd3 Kd6 43. Kc3 Kc5 44. Kb3 Rd8 45.
Rc2+ Kb6 46. Kc3 Kc5 47. Kb3+ Kb6 48. Kb4 Rd1 49. Rb2 Rc1 50. g3 Rc4+ 51. Kb3
Rc1 52. Rd2 Rb1+ 53. Kc2 Rf1 54. Rd6+ Kc5 55. Rf6 b4 56. Rxf7 Kc4 57. Rf4+ Kb5
58. g4 Ka4 59. Rf7 Re1 60. Ra7+ Kb5 61. Rxh7 Kc4 62. Rc7+ Kd5 63. h5 Re2+ 64.
Kb3 Rxf2 65. Kxb4 Rh2 66. Re7 Rh4 67. Rg7 Ke4 68. Kc4 Kxe3 69. Kd5 Kf4 70. Ke6
Rh1 71. Rg6 Ra1 72. h6 Ra6+ 73. Kf7 1-0

[Event "Íslandsmótið í skák - áskorendaflo"]
[Site "Reykjavik"]
[Date "2021.08.12"]
[Round "7.7"]
[White "Jonsson, Johann"]
[Black "Bjornsson, Eirikur K."]
[Result "1-0"]
[WhiteElo "1723"]
[BlackElo "1972"]
[PlyCount "111"]
[EventDate "2021.08.07"]

1. e4 c5 2. Nc3 Nc6 3. f4 g6 4. Nf3 Bg7 5. Bc4 e6 6. d3 Nge7 7. O-O O-O 8. Qe1
d5 9. Bb3 Na5 10. Bd2 Nxb3 11. axb3 b6 12. e5 Nc6 13. Nb5 f6 14. exf6 Qxf6 15.
Nc7 Rb8 16. Ng5 Nd4 17. Bc3 h6 18. Nf3 Qxf4 19. Rxa7 Rf7 20. Nd2 Qe5 21. Qxe5
Rxf1+ 22. Kxf1 Bxe5 23. Bxd4 Bxd4 24. c3 Be5 25. Nf3 Bxc7 26. Rxc7 Ba6 27. Ne5
Rf8+ 28. Ke2 Rf5 29. Nxg6 Rg5 30. Ne7+ Kf8 31. Ra7 Bb5 32. c4 Rxg2+ 33. Kf3 Rg7
34. Nc8 Rxa7 35. Nxa7 Bd7 36. Kf4 Ke7 37. Ke5 dxc4 38. bxc4 Ba4 39. Nc8+ Kd8
40. Nxb6 Bc2 41. Kxe6 Kc7 42. Nd5+ Kc6 43. Nf4 Bb1 44. Ke5 Bc2 45. Ke4 Bb1 46.
Nd5 Kd6 47. b4 cxb4 48. Nxb4 Kc5 49. Nd5 Bc2 50. Nf6 Bd1 51. Ke3 Bb3 52. Ne4+
Kc6 53. Nd2 Ba4 54. d4 Kd7 55. d5 Bc2 56. Kd4 1-0

[Event "Íslandsmótið í skák - áskorendaflo"]
[Site "Reykjavik"]
[Date "2021.08.12"]
[Round "7.8"]
[White "Baldursson, Benedikt"]
[Black "Petursson, Gudni"]
[Result "0-1"]
[WhiteElo "1714"]
[BlackElo "1988"]
[PlyCount "42"]
[EventDate "2021.08.07"]

1. d4 Nf6 2. c4 g6 3. Nc3 d5 4. h3 Bg7 5. Nf3 O-O 6. Bf4 dxc4 7. e3 a6 8. a4 c5
9. Bxc4 cxd4 10. Nxd4 Qa5 11. O-O e5 12. Bxe5 Qxe5 13. Qb3 Nc6 14. Nxc6 bxc6
15. Rae1 Rb8 16. Qc2 Qe7 17. e4 Nd7 18. Kh1 Qb4 19. Bd3 Qxb2 20. Qxb2 Rxb2 21.
Rc1 Rb3 0-1

[Event "Íslandsmótið í skák - áskorendaflo"]
[Site "Reykjavik"]
[Date "2021.08.12"]
[Round "7.9"]
[White "Omarsson, Adam"]
[Black "Gudmundsson, Gunnar Erik"]
[Result "0-1"]
[WhiteElo "1546"]
[BlackElo "1844"]
[PlyCount "84"]
[EventDate "2021.08.07"]

1. d4 Nf6 2. c4 e6 3. Nc3 Bb4 4. f3 d5 5. a3 Bxc3+ 6. bxc3 c5 7. cxd5 Nxd5 8.
dxc5 Qa5 9. e4 Nf6 10. Be3 Nfd7 11. Qd4 O-O 12. Qb4 Qc7 13. Bb5 a5 14. Qd4 Na6
15. Bxd7 Bxd7 16. Qd6 Rac8 17. Rd1 Ba4 18. Rd4 Bb3 19. Qxc7 Rxc7 20. Bf4 Rc6
21. Ne2 Nxc5 22. O-O b5 23. Rd6 Rxd6 24. Bxd6 Rc8 25. Nd4 Bc4 26. Rb1 Bd3 27.
Rd1 Nb7 28. Rxd3 Nxd6 29. e5 Nc4 30. Nxb5 Nxe5 31. Rd4 h6 32. Ra4 Nc4 33. Kf2
Rc5 34. Na7 Kf8 35. Ke2 e5 36. f4 f6 37. fxe5 fxe5 38. Nb5 Ke7 39. Kf3 Kd7 40.
Ke4 Kc6 41. Nd4+ exd4 42. cxd4 Nd6+ 0-1

[Event "Íslandsmótið í skák - áskorendaflo"]
[Site "Reykjavik"]
[Date "2021.08.12"]
[Round "7.10"]
[White "Heidarsson, Mikael Bjarki"]
[Black "Johannsdottir, Johanna Bjorg"]
[Result "1-0"]
[WhiteElo "1473"]
[BlackElo "2019"]
[PlyCount "89"]
[EventDate "2021.08.07"]

1. d4 g6 2. c4 Bg7 3. Nc3 d6 4. Nf3 Nc6 5. e4 e5 6. d5 Nce7 7. Be2 f5 8. O-O
Nf6 9. Bd3 O-O 10. Bg5 h6 11. Bxf6 Bxf6 12. Qd2 f4 13. h3 g5 14. Kh2 g4 15. Ne1
gxh3 16. gxh3 Qd7 17. Rg1+ Kh7 18. Bf1 Ng6 19. Nf3 Rg8 20. Qd3 a5 21. b3 b6 22.
Bg2 Ba6 23. Nd2 Rg7 24. Bf3 Bc8 25. Bg4 Qf7 26. Nf3 Bxg4 27. Rxg4 Rag8 28. Rag1
h5 29. R4g2 Bh4 30. Qf1 Kh6 31. Rxg6+ Rxg6 32. Rxg6+ Rxg6 33. Nxh4 Rg5 34. Nf3
Rg7 35. h4 Qd7 36. Qh3 Qg4 37. Ng5 Rxg5 38. hxg5+ Qxg5 39. Nb5 Qd8 40. Nc3 Qg5
41. Ne2 Qd8 42. Ng1 Qb8 43. Nf3 b5 44. Qe6+ Kg7 45. Nh4 1-0